[Event "USCL Week 3"]
[Site "Internet Chess Club"]
[Date "2015.09.08"]
[Round "?"]
[White "Rohde, Michael"]
[Black "Becerra, Julio"]
[Result "1/2-1/2"]
[WhiteElo "2531"]
[BlackElo "2616"]
[PlyCount "81"]
[EventDate "2015.??.??"]

1. d4 Nf6 2. Nf3 d5 3. c4 c6 4. Nc3 a6 5. c5 g6 6. h3 Bg7 7. Bf4 O-O 8. e3 b6
9. cxb6 Qxb6 10. Qb3 Qa7 11. Be2 Nbd7 12. O-O Bb7 13. Ne5 Rfc8 14. Rac1 Bf8 15.
Rfd1 e6 16. Nd3 a5 17. Na4 Ba6 18. Qc2 Bb5 19. Bf1 Bxa4 20. Qxa4 Nb6 21. Qc2
Nfd7 22. Qe2 a4 23. Rc2 Nc4 24. Rdc1 Qb7 25. Rc3 Bg7 26. b3 axb3 27. axb3 Na3
28. b4 Nc4 29. R3c2 Ra3 30. Ra2 Rxa2 31. Qxa2 Ra8 32. Qc2 h5 33. Nc5 Nxc5 34.
Bxc4 Qxb4 35. Bf1 Ne4 36. Qxc6 Qa3 37. Bd3 Nf6 38. Bd6 Qa7 39. Rb1 Rd8 40. Qc7
Qxc7 41. Bxc7 1/2-1/2

[Event "USCL Week 3"]
[Site "Internet Chess Club"]
[Date "2015.09.08"]
[Round "?"]
[White "Kavi, Nithin"]
[Black "Krasik, Ilya"]
[Result "0-1"]
[WhiteElo "2175"]
[BlackElo "2276"]
[PlyCount "96"]
[EventDate "2015.??.??"]

1. Nf3 d5 2. d4 Nf6 3. c4 e6 4. g3 Bb4+ 5. Bd2 a5 6. Bg2 O-O 7. O-O dxc4 8. Qc2
b6 9. a3 Be7 10. Rd1 Ra7 11. Bf4 Nd5 12. Nbd2 Nxf4 13. gxf4 b5 14. a4 c6 15.
Ne4 f6 16. Ng3 g6 17. e4 Na6 18. Ne1 Nb4 19. Qe2 Rd7 20. d5 exd5 21. exd5 cxd5
22. axb5 Bc5 23. Qf3 Bb7 24. f5 d4 25. Qg4 Bxg2 26. Nxg2 Nd3 27. fxg6 Ne5 28.
gxh7+ Kh8 29. Qf5 Rxh7 30. Re1 Nd3 31. Re2 Qd7 32. Rxa5 Qxf5 33. Nxf5 Ne5 34.
Nfh4 d3 35. Rxe5 Bxf2+ 36. Kxf2 fxe5+ 37. Ke3 Rd8 38. Kd2 e4 39. Ra4 e3+ 40.
Nxe3 Rxh4 41. Rxc4 Rxh2+ 42. Kc3 Rh3 43. Nd1 Rh1 44. Kd2 Rh2+ 45. Kc1 Ra8 46.
Nc3 Ra1+ 47. Nb1 d2+ 48. Kc2 Rxb1 0-1

[Event "USCL Week 3"]
[Site "Internet Chess Club"]
[Date "2015.09.08"]
[Round "?"]
[White "Colas, Joshua"]
[Black "Yanovsky, Vlad"]
[Result "1/2-1/2"]
[WhiteElo "2350"]
[BlackElo "2229"]
[PlyCount "116"]
[EventDate "2015.??.??"]

1. d4 Nf6 2. Nf3 e6 3. e3 c5 4. Bd3 b6 5. O-O Bb7 6. c3 d5 7. Ne5 Nbd7 8. f4
Be7 9. Nd2 O-O 10. Qe2 Ne4 11. Nxe4 dxe4 12. Bc4 Nf6 13. f5 exf5 14. Rxf5 Bd5
15. Bxd5 Qxd5 16. Ng6 Qd7 17. Nxe7+ Qxe7 18. Bd2 Nd7 19. Raf1 g6 20. R5f4 f5
21. Qc4+ Qf7 22. Qa6 Qd5 23. c4 Qd6 24. Bc3 cxd4 25. exd4 Nf6 26. Qb5 Ng4 27.
Qb3 Rad8 28. g3 Rf7 29. c5 Qd5 30. Qxd5 Rxd5 31. cxb6 axb6 32. Re1 Nf6 33. Rf2
Rdd7 34. h3 Nd5 35. Bd2 Rc7 36. Bh6 Rc4 37. g4 Rxd4 38. Rc1 Ne7 39. Rc7 Rd8 40.
Rb7 Nd5 41. Rxf7 Kxf7 42. gxf5 gxf5 43. Rxf5+ Kg6 44. Rf8 Rxf8 45. Bxf8 Kf5 46.
Kf2 Nf4 47. Ke3 Nxh3 48. Bd6 Ng5 49. a4 Nf7 50. Bc7 Ne5 51. b3 Nd7 52. Kd4 Nc5
53. Bxb6 Nxb3+ 54. Kc3 Ke6 55. Kxb3 Kd7 56. Kc4 Kc6 57. Bf2 Kb7 58. Kd4 Ka6
1/2-1/2

[Event "USCL Week 3"]
[Site "Internet Chess Club"]
[Date "2015.09.08"]
[Round "?"]
[White "Baryshpolets, Andrey"]
[Black "Flores, Mauricio"]
[Result "1/2-1/2"]
[WhiteElo "2608"]
[BlackElo "2565"]
[PlyCount "81"]
[EventDate "2015.??.??"]

1. d4 Nf6 2. c4 g6 3. Nc3 d5 4. Nf3 Bg7 5. Qb3 dxc4 6. Qxc4 O-O 7. e4 a6 8. Be2
b5 9. Qb3 c5 10. dxc5 Be6 11. Qc2 Nbd7 12. Be3 Rc8 13. Rd1 b4 14. Na4 Qa5 15.
O-O Nxe4 16. Qxe4 Qxa4 17. Ng5 Nxc5 18. Qh4 h6 19. Nxe6 Nxe6 20. Bc4 Bf6 21.
Qe4 Kg7 22. Bxe6 fxe6 23. Qxe6 Qc6 24. Qh3 h5 25. Bd4 Rfd8 26. Qe3 Rd7 27.
Bxf6+ exf6 28. Rxd7+ Qxd7 29. Qb6 Qb5 30. Qa7+ Kh6 31. h3 Rc2 32. Qd4 Kg7 33.
Qa7+ Kh6 34. Qe3+ g5 35. Qe7 Qb6 36. Qf8+ Kg6 37. Qe8+ Kh6 38. Qh8+ Kg6 39.
Qg8+ Kh6 40. Qf8+ Kg6 41. Qg8+ 1/2-1/2

[Event "USCL Week 3"]
[Site "Internet Chess Club"]
[Date "2015.09.08"]
[Round "?"]
[White "Liu, Kevin"]
[Black "Rosenthal, Nicholas"]
[Result "0-1"]
[WhiteElo "2014"]
[BlackElo "2162"]
[PlyCount "120"]
[EventDate "2015.??.??"]

1. d4 e6 2. c4 d5 3. Nc3 f5 4. Nf3 Nf6 5. Bf4 Bd6 6. Ne5 c6 7. e3 O-O 8. cxd5
exd5 9. Be2 Qe7 10. Nd3 Nbd7 11. O-O Re8 12. Bxd6 Qxd6 13. Nf4 Nf8 14. h3 Ne4
15. Nxe4 fxe4 16. Bg4 Ng6 17. Nxg6 hxg6 18. Bxc8 Raxc8 19. Qg4 Rc7 20. f4 exf3
21. Rxf3 Rce7 22. Re1 Re4 23. Qg5 Rxd4 24. Ref1 Rde4 25. Kh1 R8e5 26. Qg3 Re6
27. Qg5 Qe5 28. Qd8+ Re8 29. Rf8+ Kh7 30. Rxe8 Qxe8 31. Qxe8 Rxe8 32. Rf3 Re4
33. Kg1 Kg8 34. a3 Rc4 35. Rf2 Rc1+ 36. Kh2 Re1 37. Rf3 Re2 38. b4 Ra2 39. e4
dxe4 40. Re3 Kf7 41. Rxe4 Rxa3 42. Rd4 Re3 43. Kg1 Ke7 44. Kf2 Re6 45. Rh4 Kd6
46. Rd4+ Kc7 47. Rf4 Rf6 48. Ke3 Rxf4 49. Kxf4 Kb6 50. Kg5 c5 51. bxc5+ Kxc5
52. Kxg6 a5 53. Kxg7 a4 54. h4 a3 55. h5 a2 56. h6 a1=Q+ 57. Kg8 Qf6 58. h7
Qg6+ 59. Kh8 Qf7 60. g4 Qf8# 0-1

[Event "USCL Week 3"]
[Site "Internet Chess Club"]
[Date "2015.09.08"]
[Round "?"]
[White "Andrenko, Irina"]
[Black "Tang, Andrew"]
[Result "0-1"]
[WhiteElo "2323"]
[BlackElo "2475"]
[PlyCount "72"]
[EventDate "2015.??.??"]

1. e4 e5 2. Nf3 Nc6 3. d4 exd4 4. Nxd4 Nf6 5. Nxc6 bxc6 6. Qe2 d6 7. g3 Be7 8.
Bg2 O-O 9. O-O Nd7 10. f4 Re8 11. Nc3 Rb8 12. Rb1 Bb7 13. Be3 Bf6 14. Nd1 c5
15. Nf2 Bc6 16. c4 Qc8 17. b3 Qb7 18. Qd3 Re7 19. Rfe1 Rbe8 20. Re2 g6 21. Rbe1
Bg7 22. Bh3 Nf8 23. e5 Bf3 24. Rc2 f5 25. exf6 Bxf6 26. Rcc1 Bd4 27. Bd2 Be2
28. Rxe2 Rxe2 29. Rf1 Qe4 30. Qxe4 R8xe4 31. Bg2 Re7 32. Bd5+ Kg7 33. Ba5 Rxa2
34. b4 cxb4 35. Bxb4 c5 36. Be1 Rxe1 0-1

[Event "USCL Week 3"]
[Site "Internet Chess Club"]
[Date "2015.09.08"]
[Round "?"]
[White "Li, Ruifeng"]
[Black "Kannappan, Priyadharshan"]
[Result "1/2-1/2"]
[WhiteElo "2502"]
[BlackElo "2567"]
[PlyCount "93"]
[EventDate "2015.??.??"]

1. e4 e6 2. d4 d5 3. Be3 dxe4 4. f3 c5 5. dxc5 Qxd1+ 6. Kxd1 Nf6 7. Nc3 Nd5 8.
Nxd5 exd5 9. c3 Be7 10. Kc2 O-O 11. Rd1 Be6 12. Ne2 exf3 13. gxf3 Nd7 14. Nf4
Bxc5 15. Bxc5 Nxc5 16. Nxd5 Rfd8 17. Bc4 Kf8 18. Ne3 Rac8 19. Bxe6 Nxe6 20.
Rxd8+ Rxd8 21. Rd1 Rxd1 22. Kxd1 Ke7 23. Ke2 Nf4+ 24. Kd2 Ke6 25. a4 f5 26. Nc4
Kd5 27. Ne3+ Ke6 28. Nc4 Ng6 29. Na5 Ne5 30. Ke2 b6 31. Nb3 f4 32. Nd4+ Kd5 33.
b3 a6 34. Nc2 Nc6 35. Kd3 Ne5+ 36. Ke2 Nc6 37. Kd3 g5 38. h3 Ne5+ 39. Ke2 Nc6
40. Kd3 h5 41. Nd4 Ne5+ 42. Ke2 Nd7 43. Kd2 Nc5 44. Kc2 Nd7 45. Kd2 Ne5 46. Ke2
Nd7 47. Kd2 1/2-1/2

[Event "USCL Week 3"]
[Site "Internet Chess Club"]
[Date "2015.09.08"]
[Round "?"]
[White "Ramirez, Alejandro"]
[Black "Xiong, Jeffery"]
[Result "0-1"]
[WhiteElo "2670"]
[BlackElo "2616"]
[PlyCount "80"]
[EventDate "2015.??.??"]

1. Nf3 c5 2. c4 Nf6 3. g3 b6 4. Bg2 Bb7 5. O-O g6 6. Nc3 Bg7 7. d4 cxd4 8. Qxd4
d6 9. b3 Nbd7 10. Bb2 O-O 11. Rfd1 a6 12. Qd2 Rc8 13. Rac1 Nc5 14. Ba1 Nce4 15.
Nxe4 Nxe4 16. Qe3 Bxa1 17. Rxa1 Nf6 18. Rd4 Rc5 19. b4 Rc8 20. Qh6 Bxf3 21.
Bxf3 Qd7 22. Rh4 Qe6 23. Rc1 Qe5 24. Qd2 Rc7 25. Kg2 Rfc8 26. Rc3 b5 27. Re3
Qa1 28. c5 dxc5 29. bxc5 Rxc5 30. Rxe7 Rc1 31. Kh3 R1c4 32. Rf4 h6 33. Kg2 Rc1
34. Bb7 Rg1+ 35. Kf3 Rd1 36. Qa5 Rc3+ 37. e3 Rc2 38. g4 g5 39. Rf5 Rg1 40. Qd8+
Kg7 0-1

[Event "USCL Week 3"]
[Site "Internet Chess Club"]
[Date "2015.09.08"]
[Round "?"]
[White "Eckert, Doug"]
[Black "Vaidya, Atulya"]
[Result "1/2-1/2"]
[WhiteElo "2272"]
[BlackElo "2271"]
[PlyCount "93"]
[EventDate "2015.??.??"]

1. d4 Nf6 2. Bg5 c5 3. d5 Qb6 4. Nc3 Qxb2 5. Bd2 Qb6 6. e4 e5 7. f4 d6 8. Nf3
Nbd7 9. Rb1 Qc7 10. fxe5 Nxe5 11. Nxe5 dxe5 12. Bb5+ Bd7 13. O-O Be7 14. Bg5
Rd8 15. Bxf6 Bxf6 16. d6 Qc8 17. Rxf6 gxf6 18. Qg4 Bc6 19. Qg7 Rf8 20. Rd1 Qe6
21. Nd5 Qxd6 22. Bxc6+ Qxc6 23. Nxf6+ Qxf6 24. Qxf6 Rxd1+ 25. Kf2 Kd7 26. Qf5+
Kc6 27. Qf6+ Rd6 28. Qxe5 Rfd8 29. Qc3 Rd2+ 30. Kf3 R2d4 31. Qe3 Rc4 32. e5 Kc7
33. c3 b5 34. a3 Rd5 35. Kg3 h5 36. h3 h4+ 37. Kh2 a5 38. Qf3 Rd7 39. Qf6 Kb7
40. Qf3+ Kb8 41. Qc6 Rb7 42. Qd6+ Ka7 43. Qd8 Ka6 44. Qa8+ Kb6 45. Qd8+ Rc7 46.
Qb8+ Rb7 47. Qd8+ 1/2-1/2

[Event "USCL Week 3"]
[Site "Internet Chess Club"]
[Date "2015.09.08"]
[Round "?"]
[White "Bartholomew, John"]
[Black "Breckenridge, Steven"]
[Result "1-0"]
[WhiteElo "2555"]
[BlackElo "2414"]
[PlyCount "109"]
[EventDate "2015.??.??"]

1. Nf3 Nf6 2. c4 e6 3. Nc3 d5 4. d4 Be7 5. Bf4 O-O 6. Rc1 c6 7. e3 Nbd7 8. a3
Nh5 9. Bd3 Nxf4 10. exf4 dxc4 11. Bxc4 Nb6 12. Bd3 Nd5 13. g3 Nxc3 14. Rxc3 b6
15. Be4 Bb7 16. Ne5 Rc8 17. O-O Bf6 18. Qa4 a5 19. Rfc1 b5 20. Qc2 g6 21. Bxc6
Bxe5 22. dxe5 Rxc6 23. Rxc6 Qd5 24. Qc5 Qf3 25. Qxb5 Rb8 26. Qb6 Kg7 27. Qc7 a4
28. h4 h5 29. Qxb8 Bxc6 30. Rxc6 Qxc6 31. Qb4 Qc1+ 32. Kg2 Qc6+ 33. Kf1 Qc1+
34. Ke2 Qc2+ 35. Ke3 Qc1+ 36. Qd2 Qc5+ 37. Qd4 Qc2 38. Qc3 Qd1 39. Qd2 Qb3+ 40.
Ke2 Qb5+ 41. Ke1 Qc4 42. Qb4 Qc1+ 43. Ke2 Qc2+ 44. Kf1 Qc1+ 45. Kg2 Qc6+ 46.
Kh2 Qc2 47. Qd4 Qe2 48. Kg1 Qe1+ 49. Kg2 Qa5 50. Qc4 Qa8+ 51. Kg1 Qa5 52. Qb4
Qc7 53. Qxa4 Qc1+ 54. Kg2 Qxb2 55. Qa8 1-0

[Event "USCL Week 3"]
[Site "Internet Chess Club"]
[Date "2015.09.08"]
[Round "?"]
[White "Narayanan, Saumik"]
[Black "Heredia, Carla"]
[Result "0-1"]
[WhiteElo "1949"]
[BlackElo "2227"]
[PlyCount "130"]
[EventDate "2015.??.??"]

1. d4 Nf6 2. c4 e5 3. dxe5 Ng4 4. Nf3 Bc5 5. e3 Nc6 6. b3 O-O 7. Bb2 Re8 8. Be2
a5 9. O-O Ncxe5 10. Nxe5 Nxe5 11. Nd2 Ra6 12. Nf3 Nxf3+ 13. Bxf3 Rh6 14. g3 d6
15. Bg4 Re4 16. Bxc8 Qxc8 17. Qf3 Qh3 18. Qg2 Qe6 19. Rad1 Rg6 20. Bd4 b6 21.
Bxc5 bxc5 22. Rd5 a4 23. Rfd1 h6 24. Qf3 Rf6 25. Qe2 a3 26. R1d2 g5 27. Qd1 g4
28. Qc1 Qe8 29. Re2 Qa8 30. Qc3 Rfe6 31. Qd2 Kg7 32. Qc3+ Kg6 33. Qd3 f5 34.
Qc2 h5 35. h4 gxh3 36. Kh2 R4e5 37. Qd3 Qd8 38. Rxe5 Rxe5 39. e4 Qg5 40. exf5+
Qxf5 41. Qxf5+ Kxf5 42. Rxe5+ Kxe5 43. Kxh3 c6 44. Kh4 d5 45. Kxh5 d4 46. f4+
Kf5 47. g4+ Kxf4 48. g5 d3 49. g6 d2 50. g7 d1=Q+ 51. Kg6 Qg4+ 52. Kf7 Qd7+ 53.
Kf8 Qd8+ 54. Kf7 Ke3 55. g8=Q Qxg8+ 56. Kxg8 Kd3 57. Kf7 Kc3 58. Ke6 Kb2 59.
Kd6 Kxa2 60. Kxc6 Kxb3 61. Kxc5 a2 62. Kd5 a1=Q 63. c5 Qa8+ 64. c6 Kb4 65. Kd6
Qc8 0-1

[Event "USCL Week 3"]
[Site "Internet Chess Club"]
[Date "2015.09.09"]
[Round "?"]
[White "Cunningham, Robin"]
[Black "Ghatti, Sanjay"]
[Result "1/2-1/2"]
[WhiteElo "2252"]
[BlackElo "2239"]
[PlyCount "53"]
[EventDate "2015.??.??"]

1. e4 c6 2. d4 d5 3. exd5 cxd5 4. c4 Nf6 5. Nc3 g6 6. Qb3 Bg7 7. cxd5 O-O 8.
Be2 Na6 9. Bf3 Qb6 10. Nge2 Qxb3 11. axb3 Nb4 12. O-O Rd8 13. Bg5 Nfxd5 14.
Nxd5 Nxd5 15. Nc3 Be6 16. Ra5 Nxc3 17. bxc3 Bxb3 18. Rb1 b6 19. Rxb3 bxa5 20.
Bxa8 Rxa8 21. Kf1 e6 22. Ra3 Rc8 23. Bd2 e5 24. dxe5 Bxe5 25. Rxa5 Bxc3 26.
Bxc3 Rxc3 27. Rxa7 1/2-1/2

[Event "USCL Week 3"]
[Site "Internet Chess Club"]
[Date "2015.09.09"]
[Round "?"]
[White "Checa, Nicolas"]
[Black "Getz, Alec"]
[Result "1-0"]
[WhiteElo "2436"]
[BlackElo "2381"]
[PlyCount "55"]
[EventDate "2015.??.??"]

1. d4 Nf6 2. Nf3 d5 3. c4 c6 4. Nc3 a6 5. c5 g6 6. Bf4 Nh5 7. Be5 f6 8. Bg3
Nxg3 9. hxg3 Bg7 10. e4 dxe4 11. Nxe4 Be6 12. Qc2 Qa5+ 13. Ned2 f5 14. Bc4 Bxc4
15. Qxc4 Nd7 16. Ng5 O-O-O 17. Ne6 Bf6 18. b4 Qb5 19. Qb3 a5 20. g4 fxg4 21.
Qg3 Ne5 22. dxe5 Rxd2 23. Kxd2 Qxb4+ 24. Qc3 Bg5+ 25. Nxg5 Qf4+ 26. Qe3 Rd8+
27. Ke1 Qb4+ 28. Kf1 1-0

[Event "USCL Week 3"]
[Site "Internet Chess Club"]
[Date "2015.09.09"]
[Round "?"]
[White "Francisco, Richard"]
[Black "Jones, Craig"]
[Result "1-0"]
[WhiteElo "2391"]
[BlackElo "2206"]
[PlyCount "91"]
[EventDate "2015.??.??"]

1. e4 d5 2. exd5 Qxd5 3. Nf3 Bg4 4. Be2 Nc6 5. O-O O-O-O 6. h3 Bxf3 7. Bxf3 Qd7
8. c3 Ne5 9. d4 Nxf3+ 10. Qxf3 Nf6 11. Nd2 g5 12. Nc4 Rg8 13. Re1 h5 14. Ne5 g4
15. Qd3 Qe6 16. h4 Nd5 17. Bd2 f6 18. Ng6 Qd7 19. Rad1 e6 20. Nxf8 Rdxf8 21.
Qe4 Re8 22. c4 Nb6 23. b3 f5 24. Qe5 Qd6 25. Bg5 Nd7 26. Qa5 Kb8 27. Qd2 Qc6
28. d5 exd5 29. Rxe8+ Rxe8 30. Qxd5 Qxd5 31. Rxd5 Kc8 32. Rxf5 Re1+ 33. Kh2 Re2
34. Be3 Rxa2 35. Rxh5 Nf6 36. Rf5 Ne4 37. Rf4 g3+ 38. fxg3 Nd6 39. Bc5 Rb2 40.
Bxd6 cxd6 41. Rf3 Kc7 42. h5 Re2 43. g4 b5 44. h6 bxc4 45. bxc4 a5 46. g5 1-0

[Event "USCL Week 3"]
[Site "Internet Chess Club"]
[Date "2015.09.09"]
[Round "?"]
[White "Salimbagat, Rico"]
[Black "Niemann, Hans"]
[Result "0-1"]
[WhiteElo "2292"]
[BlackElo "2296"]
[PlyCount "102"]
[EventDate "2015.??.??"]

1. c4 Nf6 2. Nc3 d5 3. cxd5 Nxd5 4. e4 Nxc3 5. bxc3 g6 6. h4 h5 7. Bc4 Bg7 8.
Nf3 O-O 9. d4 c5 10. Be3 Bg4 11. O-O cxd4 12. cxd4 Nc6 13. e5 e6 14. Be2 Qd5
15. Qd2 Rfd8 16. Rfd1 Rac8 17. Rac1 Bf8 18. Bg5 Be7 19. Qf4 Qd7 20. Kf1 Bxf3
21. Bxf3 Bxg5 22. Qxg5 Nxd4 23. Bxh5 Rxc1 24. Rxc1 Kh7 25. Bg4 Rg8 26. Rc3 Nc6
27. h5 Qd4 28. Re3 Rg7 29. h6 Rg8 30. Kg1 Qd8 31. Qf4 Qe7 32. Bf3 Rd8 33. Be4
Nd4 34. Kh2 b5 35. g4 a5 36. Kg2 b4 37. Qg3 a4 38. Rd3 a3 39. Qe3 Nb5 40. Rb3
Nc3 41. Qf3 Nxa2 42. Bb1 Nc3 43. Rxb4 a2 44. Qxc3 a1=Q 45. Qxa1 Qxb4 46. Kg3
Kxh6 47. Bc2 Kg5 48. Qc1+ Rd2 49. Be4 Qd4 50. f4+ Kh6 51. Qe1 Qc3+ 0-1

[Event "USCL Week 3"]
[Site "Internet Chess Club"]
[Date "2015.09.09"]
[Round "?"]
[White "Rozman, Levy"]
[Black "Brodsky, David"]
[Result "1/2-1/2"]
[WhiteElo "2378"]
[BlackElo "2317"]
[PlyCount "62"]
[EventDate "2015.??.??"]

1. e4 e6 2. Nf3 d5 3. Nc3 Nf6 4. e5 Nfd7 5. d4 c5 6. Nb5 a6 7. Nd6+ Bxd6 8.
exd6 cxd4 9. Nxd4 Ne5 10. f4 Nec6 11. Be2 Qxd6 12. O-O Nxd4 13. Qxd4 O-O 14.
Be3 Nc6 15. Qb6 Qd8 16. Rad1 Qxb6 17. Bxb6 Bd7 18. c4 Ne7 19. Bc5 Rfe8 20. Bxe7
Rxe7 21. cxd5 exd5 22. Bf3 Bb5 23. Rf2 d4 24. b3 a5 25. Rc2 a4 26. Rxd4 axb3
27. axb3 g6 28. Rb4 Bc6 29. Bxc6 bxc6 30. Rbc4 Rb7 31. Rxc6 Rxb3 1/2-1/2

[Event "USCL Week 3"]
[Site "Internet Chess Club"]
[Date "2015.09.09"]
[Round "?"]
[White "Balleisen, Aaron"]
[Black "Gurevich, Daniel"]
[Result "1/2-1/2"]
[WhiteElo "2282"]
[BlackElo "2449"]
[PlyCount "110"]
[EventDate "2015.??.??"]

1. d4 Nf6 2. c4 e6 3. Nc3 Bb4 4. e3 O-O 5. Nge2 d5 6. a3 Be7 7. cxd5 exd5 8. g3
a5 9. Bg2 Na6 10. O-O c6 11. Qc2 Nc7 12. Bd2 b5 13. Nd1 Bd7 14. f3 Nfe8 15. a4
Nd6 16. b3 Ne6 17. axb5 Nxb5 18. f4 Qb6 19. Nf2 Rfb8 20. Nd3 Na3 21. Qc1 Qxb3
22. Ne5 Be8 23. f5 Nd8 24. f6 gxf6 25. Ng4 Nc4 26. Bc3 Ne6 27. Nxf6+ Bxf6 28.
Rxf6 Kg7 29. Rxe6 fxe6 30. e4 Bg6 31. Nf4 Qb7 32. Nxe6+ Kg8 33. exd5 cxd5 34.
Qg5 Nb6 35. Nc5 Qg7 36. Ne6 Qf7 37. Nf4 Qf5 38. Qxf5 Bxf5 39. Nxd5 Ra7 40. Rxa5
Rxa5 41. Bxa5 Nxd5 42. Bxd5+ Kg7 43. Bc7 Rb1+ 44. Kf2 Rb2+ 45. Ke3 Rxh2 46. Kf4
Bc2 47. Bc6 Kf6 48. d5 Rd2 49. Bd8+ Kf7 50. Ke5 h5 51. d6 Re2+ 52. Kf4 Ke6 53.
d7 Rd2 54. Bb6 Rxd7 55. Bxd7+ Kxd7 1/2-1/2

[Event "USCL Week 3"]
[Site "Internet Chess Club"]
[Date "2015.09.09"]
[Round "?"]
[White "Zapata, Alonso"]
[Black "Schroer, Jonathan"]
[Result "1/2-1/2"]
[WhiteElo "2521"]
[BlackElo "2427"]
[PlyCount "117"]
[EventDate "2015.??.??"]

1. e4 e5 2. Nf3 Nc6 3. Bb5 a6 4. Bxc6 dxc6 5. O-O Bg4 6. h3 h5 7. d3 Qf6 8. Be3
Bxf3 9. Qxf3 Qxf3 10. gxf3 Bd6 11. Nd2 Ne7 12. Rfd1 f6 13. a4 a5 14. c3 Ng6 15.
Kf1 Kf7 16. Nc4 Rhd8 17. Ke2 Nf8 18. d4 exd4 19. cxd4 Ne6 20. d5 cxd5 21. Rxd5
Bb4 22. Rad1 Rxd5 23. Rxd5 g5 24. h4 Kg6 25. hxg5 fxg5 26. Ne5+ Kf6 27. Nd3 h4
28. Kf1 Be7 29. Kg2 Rd8 30. Rxd8 Bxd8 31. Kh3 c6 32. Bd2 Bc7 33. Kg4 b5 34. b3
b4 35. Be3 Be5 36. Bb6 Bc7 37. e5+ Bxe5 38. Bxa5 c5 39. Bb6 c4 40. bxc4 b3 41.
a5 Nf4 42. a6 Nxd3 43. a7 b2 44. a8=Q b1=Q 45. Qf8+ Ke6 46. Qc8+ Kf7 47. Qd7+
Kg8 48. Qe6+ Kg7 49. Qe7+ Kh8 50. Qf8+ Kh7 51. Qf5+ Kh8 52. Qf8+ Kh7 53. Qf7+
Kh8 54. Qh5+ Kg8 55. Qg6+ Bg7 56. Qe6+ Kh7 57. Qe4+ Kh8 58. Qe8+ Kh7 59. Qe4+
1/2-1/2

[Event "USCL Week 3"]
[Site "Internet Chess Club"]
[Date "2015.09.09"]
[Round "?"]
[White "Izoria, Zviad"]
[Black "Paragua, Mark"]
[Result "1/2-1/2"]
[WhiteElo "2638"]
[BlackElo "2638"]
[PlyCount "109"]
[EventDate "2015.??.??"]

1. e4 c5 2. Nf3 d6 3. c3 Nf6 4. h3 Nc6 5. Bd3 d5 6. e5 Nd7 7. Bb5 Qb6 8. Ba4 c4
9. d4 cxd3 10. O-O e6 11. Qxd3 Nc5 12. Qd1 Nxa4 13. Qxa4 Bd7 14. Qg4 g6 15.
Nbd2 Bg7 16. Qg3 f6 17. exf6 Bxf6 18. Nb3 O-O 19. Be3 Qb5 20. Nfd4 Nxd4 21.
Bxd4 Bxd4 22. Nxd4 Qxb2 23. Rfb1 Qa3 24. Rxb7 Rf7 25. Rab1 Rc8 26. Rc7 Qxa2 27.
Rxc8+ Bxc8 28. Rb8 Rf8 29. Nc6 Qa3 30. Qc7 Bd7 31. Rxf8+ Kxf8 32. Qd8+ Be8 33.
Qf6+ Bf7 34. Qh8+ Bg8 35. Qf6+ Bf7 36. Qh8+ Bg8 37. Qe5 Bf7 38. g3 Qc5 39. Qh8+
Bg8 40. Qf6+ Bf7 41. Qh8+ Bg8 42. Qf6+ Bf7 43. Nd4 Qe7 44. Qh8+ Bg8 45. Qe5 a5
46. Nc6 Qc5 47. Qb8+ Kg7 48. Qe5+ Kf8 49. Qb8+ Kg7 50. Qc7+ Bf7 51. Qe5+ Kg8
52. Qb8+ Kg7 53. Qe5+ Kg8 54. Qb8+ Kg7 55. Qe5+ 1/2-1/2

[Event "USCL Week 3"]
[Site "Internet Chess Club"]
[Date "2015.09.09"]
[Round "?"]
[White "Stukopin, Andrey"]
[Black "Naroditsky, Daniel"]
[Result "1-0"]
[WhiteElo "2682"]
[BlackElo "2711"]
[PlyCount "75"]
[EventDate "2015.??.??"]

1. e4 e5 2. Nf3 Nc6 3. Nc3 Nf6 4. Bb5 Nd4 5. Bc4 Bc5 6. Nxe5 O-O 7. O-O d6 8.
Nf3 Ng4 9. d3 Nxf3+ 10. Qxf3 Ne5 11. Qg3 Nxc4 12. dxc4 Be6 13. Nd5 Bxd5 14.
cxd5 Qe7 15. Bh6 f5 16. exf5 Rxf5 17. Rae1 Qf7 18. c4 Rxf2 19. Rxf2 Bxf2+ 20.
Qxf2 Qxf2+ 21. Kxf2 Rf8+ 22. Kg3 gxh6 23. Re7 Rf7 24. Re8+ Kg7 25. Ra8 a6 26.
Ra7 b5 27. b3 bxc4 28. bxc4 c5 29. Rxa6 Rb7 30. Rxd6 Rb4 31. Kf4 Rxc4+ 32. Kf5
Ra4 33. Rd7+ Kf8 34. d6 Rxa2 35. Rxh7 Rxg2 36. d7 Rd2 37. Ke6 Kg8 38. Re7 1-0

[Event "USCL Week 3"]
[Site "Internet Chess Club"]
[Date "2015.09.09"]
[Round "?"]
[White "Kamberi, Sonny"]
[Black "Kiewra, Keaton"]
[Result "0-1"]
[WhiteElo "2366"]
[BlackElo "2518"]
[PlyCount "64"]
[EventDate "2015.??.??"]

1. d4 Nf6 2. c4 g6 3. Nc3 Bg7 4. e4 d6 5. Nf3 O-O 6. Be2 Na6 7. O-O e5 8. Be3
Ng4 9. Bg5 Qe8 10. dxe5 dxe5 11. h3 f6 12. Bd2 Nh6 13. Qc1 Nf7 14. a3 Nc5 15.
Qc2 c6 16. b4 Ne6 17. c5 Nd4 18. Nxd4 exd4 19. Na4 f5 20. Bd3 Ne5 21. Rae1 Nxd3
22. Qxd3 fxe4 23. Qxe4 Qf7 24. Qd3 Bf5 25. Qg3 Qa2 26. Bc1 Qc2 27. Nb2 d3 28.
Rd1 Bxb2 29. Rd2 Qxc1 30. Rxc1 Bxc1 31. Rxd3 Bxd3 32. Qxd3 Rf7 0-1

[Event "USCL Week 3"]
[Site "Internet Chess Club"]
[Date "2015.09.09"]
[Round "?"]
[White "Taghizadeh, Rayan"]
[Black "Hobosyan, Mkhitar"]
[Result "1-0"]
[WhiteElo "2245"]
[BlackElo "1930"]
[PlyCount "77"]
[EventDate "2015.??.??"]

1. e4 c6 2. d4 d5 3. Nd2 dxe4 4. Nxe4 Bf5 5. Ng3 Bg6 6. h4 h6 7. Nf3 Nd7 8. h5
Bh7 9. Bd3 Bxd3 10. Qxd3 e6 11. Bd2 Qc7 12. O-O-O O-O-O 13. c4 Ngf6 14. Kb1 c5
15. Qc2 cxd4 16. Nxd4 a6 17. Nb3 Bc5 18. Nxc5 Nxc5 19. Bc3 Qf4 20. Ba5 Rxd1+
21. Rxd1 Ncd7 22. Rd2 Nb8 23. Qd3 Nc6 24. Bb6 Qe5 25. a3 Rg8 26. b4 Kb8 27. Re2
Qf4 28. Ne4 Nxe4 29. Rxe4 Qf6 30. b5 Na7 31. Qd6+ Ka8 32. bxa6 Rb8 33. Qc7 Qf5
34. f3 e5 35. c5 Qe6 36. Rb4 f5 37. Bxa7 Kxa7 38. Rxb7+ Rxb7+ 39. Qxb7# 1-0

[Event "USCL Week 3"]
[Site "Internet Chess Club"]
[Date "2015.09.09"]
[Round "?"]
[White "Wheeler, Cameron"]
[Black "Vazquez, Guillermo"]
[Result "1-0"]
[WhiteElo "2425"]
[BlackElo "2546"]
[PlyCount "97"]
[EventDate "2015.??.??"]

1. Nf3 Nf6 2. g3 b6 3. Bg2 Bb7 4. c4 e6 5. O-O Be7 6. b3 O-O 7. Bb2 c5 8. d4
cxd4 9. Nxd4 Bxg2 10. Kxg2 Qc8 11. Nc3 Qb7+ 12. f3 d6 13. e4 a6 14. Qe2 Nbd7
15. Rfe1 Rfe8 16. Rad1 Rac8 17. f4 e5 18. Nf5 b5 19. cxb5 axb5 20. Nxb5 Nxe4
21. Qxe4 Qxb5 22. fxe5 Bf8 23. Nxd6 Bxd6 24. Rxd6 Nc5 25. Qd5 Qb4 26. Rf1 Ne6
27. Rf2 Rc5 28. Qd3 Rc7 29. a3 Qb7+ 30. Qd5 Qa7 31. h4 h6 32. b4 Rec8 33. Qd3
Qb7+ 34. Kh2 Qa7 35. Rd2 Qa4 36. Ra6 Qe8 37. Rd6 Qa4 38. Ra6 Qe8 39. Qb3 Qb5
40. Rad6 Qf1 41. Qd3 Qe1 42. Re2 Qf1 43. Rg2 Qe1 44. Qf5 g6 45. Qd3 Kg7 46. Re2
Qf1 47. Rd2 Qe1 48. Kg2 h5 49. Re2 1-0

[Event "USCL Week 3"]
[Site "Internet Chess Club"]
[Date "2015.09.09"]
[Round "?"]
[White "Banawa, Joel"]
[Black "Cozianu, Costin"]
[Result "1/2-1/2"]
[WhiteElo "2496"]
[BlackElo "2451"]
[PlyCount "70"]
[EventDate "2015.??.??"]

1. d4 Nf6 2. c4 g6 3. Nc3 Bg7 4. Nf3 O-O 5. e4 d6 6. Be2 e5 7. O-O Nc6 8. d5
Ne7 9. Ne1 Nd7 10. Be3 f5 11. f3 Kh8 12. Nd3 f4 13. Bf2 g5 14. c5 Nf6 15. Rc1
Ng6 16. cxd6 cxd6 17. Nb5 g4 18. Nc7 g3 19. Nxa8 Nh5 20. Kh1 gxf2 21. Nxf2 Ng3+
22. Kg1 Nxf1 23. Bxf1 Nh4 24. Rc3 Rg8 25. Qc2 Bf6 26. Nc7 Bd7 27. Ng4 Bxg4 28.
fxg4 Rxg4 29. Ne6 Qb6+ 30. Kh1 Rg8 31. Rc8 Bd8 32. Nxd8 Rxd8 33. Qc7 Rxc8 34.
Qxc8+ Kg7 35. Qd7+ Kh6 1/2-1/2

[Event "USCL Week 3"]
[Site "Internet Chess Club"]
[Date "2015.09.09"]
[Round "?"]
[White "Sun, Rick"]
[Black "Tiglon, Bryce"]
[Result "0-1"]
[WhiteElo "2093"]
[BlackElo "2305"]
[PlyCount "80"]
[EventDate "2015.??.??"]

1. e4 e5 2. Nf3 Nc6 3. Bb5 a6 4. Ba4 Nf6 5. O-O Be7 6. Re1 b5 7. Bb3 O-O 8. d4
d6 9. c3 Bb7 10. Nbd2 exd4 11. cxd4 Nb4 12. a3 Nd3 13. Re3 Nxc1 14. Rxc1 c5 15.
d5 Ng4 16. Re2 Bf6 17. Nf1 Ne5 18. Nxe5 Bxe5 19. Qd2 Qb6 20. Ne3 Rae8 21. Ng4
Bd4 22. Qg5 Kh8 23. Rce1 Qa5 24. e5 f5 25. Bc2 fxg4 26. Qh5 g6 27. Bxg6 Re7 28.
Rf1 Rg7 29. Qh6 Qd8 30. Bc2 Bxe5 31. Be4 Qf6 32. Qh5 Bc8 33. g3 Bf5 34. Bxf5
Qxf5 35. Qh6 Qg5 36. Qe6 Re7 37. Rxe5 Qxe5 38. Qxg4 Qg7 39. Qd1 Qd4 40. Qh5 Re1
0-1